Religion Quiz / Books of the Bible by Letter Count

Random Religion or Bible Quiz

Results

Quiz Updated Jul 16, 2015

Also try: Bible Top 200
Challenge
Share
Tweet
Embed
Score 0/16 Timer 04:00
0 Plays Today
Title Letter Enumeration Books of the Bible % Correct
4Ruth
97%
7Genesis
95.4%
6Exodus
94.7%
3Job
91.9%
11Deuteronomy
83%
9Leviticus
82.7%
10First Kings
80.8%
5Hosea
69.3%
Title Letter Enumeration Books of the Bible % Correct
8Nehemiah
62%
12Second Samuel
60.8%
13Song of Solomon
58.2%
16Second Chronicles
49.5%
17Second Corinthians
40.4%
15First Chronicles
40.1%
18First Thessalonians
38.5%
19Second Thessalonians
37%
 
Number % Answered
16 (all)
17.5%
14-15
15.6%
12-13
15%
10-11
14.9%
8-9
14%
6-7
11.2%
4-5
5.6%
2-3
4.1%
1-1
2.2%

You're not logged in!

Compare scores with friends on all Sporcle quizzes.
Sign Up with Email
OR
Log In

You Might Also Like...

Show Comments

Extras


Your Account Isn't Verified!

In order to create a playlist on Sporcle, you need to verify the email address you used during registration. Go to your Sporcle Settings to finish the process.